French, Spanish and Italian model of functioning of a social or a solidary economy

Koncept sociálnej ekonomiky nie je vo všetkých členských štátoch jednotný. Uznanie koncepcie sociálnej ekonomiky spolu s ďalšími pojmami, ako sú ekonomika a neziskový sektor. Sociálne modely a rozvoj v tejto oblasti.

Salvato in:
Dettagli Bibliografici
Autore principale: Pongrácz, Eva, 1971-
Natura: Capitolo di libro
Lingua:inglese
Soggetti:
Tags: Aggiungi Tag
Nessun Tag, puoi essere il primo ad aggiungerne!!

MARC

LEADER 00000nla a2200000 4500
001 0204274
005 20240502083512.9
041 0 |a eng 
044 |a IT 
245 1 0 |a French, Spanish and Italian model of functioning of a social or a solidary economy  |c Eva Pongrácz 
520 |a Koncept sociálnej ekonomiky nie je vo všetkých členských štátoch jednotný. Uznanie koncepcie sociálnej ekonomiky spolu s ďalšími pojmami, ako sú ekonomika a neziskový sektor. Sociálne modely a rozvoj v tejto oblasti. 
610 2 0 |a Francúzsko 
610 2 0 |a Taliansko 
610 2 0 |a Španielsko 
610 2 0 |a modely sociálne 
610 2 0 |a ekonomika sociálna 
610 2 0 |a organizácie neziskové 
610 2 0 |a podnikanie sociálne 
100 1 |a Pongrácz, Eva, 1971-